| 000 | 00464nam a22001817a 4500 | ||
|---|---|---|---|
| 005 | 20230922101634.0 | ||
| 008 | 230914b |||||||| |||| 00| 0 eng d | ||
| 020 | _a9780231135603 | ||
| 082 |
_a523.1 _bCHA-E |
||
| 100 | _aChaisson,Eric | ||
| 245 |
_aEpic of Evolution : _bSeven Ages of the Cosmos |
||
| 260 |
_aUSA _bColumbia University Press _c2006 |
||
| 300 | _a478 | ||
| 500 | _aInclude Index | ||
| 650 | _aScience | ||
| 700 | _aEric Chaisson | ||
| 999 |
_c33563 _d33563 |
||